000 01125nam a22003377a 4500
003 CHAP
005 20220329134555.0
008 971013s1984 mx a r 00010 spa d
010 _a22394
011 _a23366
035 _a27462
040 _cCHAP
090 _aTesis
100 0 0 _aRomero Castillo, Primitivo.
_999538
245 1 _aBiosíntesis y farmacología de los alcaloides de Catharanthus roseus derivados del indol
260 _aMéxico, D. F. :
_bEl autor,
_c1984
300 _a112 h.
_b: ilus.
502 _aTesis (Químico Farmacéutico Biólogo) -- UNAM . Facultad de Química
590 _aALEPH
_b10
_c20130110
_lUCH01
_h1246
590 _aBATCH-UPD
_b10
_c20130110
_lUCH01
_h0234
590 _aBATCH-UPD
_b10
_c20130110
_lUCH01
_h1228
590 _aBATCH-UPD
_b10
_c20130409
_lUCH01
_h2259
590 _aBATCH-UPD
_b10
_c20130913
_lUCH01
_h2350
590 _aCONVERSION
_b10
_c20130109
_lUCH01
_h1313
650 1 4 _aAlcaloides en plantas.
_93554
650 1 4 _aBiosíntesis.
_912868
650 1 4 _aCatharanthus roseus.
_920511
901 _aBK
942 _cTESIS
949 _bBC
_cTES
_d-63752
_eTS1
_h27271
_i27462
_si
999 _c22394
_d22394